Natural Hazards by Definition Quiz Stats

 Plays Quiz Updated Sep 10, 2019

Score 0/18 Timer 03:00
8 Plays Today
% Correct
Earthquake
93.3%
Flood
92.9%
Wildfire
92.4%
Drought
92.2%
Volcanic Eruption
92.1%
Climate Change
92.1%
Avalanche
90.5%
Blizzard
89.5%
Tornado
89.4%
% Correct
Heat Wave
88.4%
Geomagnetic Storm
88.2%
Landslide
86.9%
Sinkhole
84.7%
Tropical Cyclone
84.7%
Coastal Erosion
83.4%
Hailstorm
80.8%
Ice Storm
76.4%
Lahar
63.6%

You're not logged in!

Compare scores with friends on all Sporcle quizzes.
OR
Log In

Sporcle TV

Today on Sporcle TV


Watch our educational content, quiz creation guides, and fun videos on Sporcle TV.

Show Comments

Extras

Top Quizzes Today


Score Distribution

Your Account Isn't Verified!

In order to create a playlist on Sporcle, you need to verify the email address you used during registration. Go to your Sporcle Settings to finish the process.

Report this User

Report this user for behavior that violates our Community Guidelines.

Details: